header

Review of the Department of Energy's Genomics (Record no. 112113)

MARC details
000 -LEADER
fixed length control field 01540nam a2200313Ia 4500
245 00 - TITLE STATEMENT
Title Review of the Department of Energy's Genomics
260 ## - PUBLICATION, DISTRIBUTION, ETC. (IMPRINT)
Place of publication Washington, DC :
Name of publisher National Academies Press,
Year of publication c2006.
300 ## - PHYSICAL DESCRIPTION
Number of Pages xii, 89 p. :
Other physical details ill.
650 #0 - SUBJECT ADDED ENTRY--TOPICAL TERM
Topical Term Genomics
Topical Term Biological systems
856 40 - ELECTRONIC LOCATION AND ACCESS
Uniform Resource Identifier http://site.ebrary.com/lib/rucke/Doc?id=10120678

No items available.

© 2026 Rongo University
Contact us: librarian | system librarian | Rongo university